Manuel Teixeira Gomes (Registo nº 651)
[ vista simples ]
| 000 -Etiqueta do registo | |
|---|---|
| Cabeçalho | 00859cam a2200301 4500 |
| 005 - Identificador da versão | |
| Campo de controlo | 20240822153632.0 |
| 010 ## - Número internacional normalizado dos livros (ISBN) | |
| Número (ISBN) | 9729744289 |
| 021 ## - Número do Depósito Legal | |
| Código do país | PT |
| Número | 144533/99 |
| 035 ## - Other System Control Numbers | |
| System Control Number | 0000679 |
| System Control Number | 0000675 |
| System Control Number | 0000675 |
| System Control Number | 0000663 |
| 100 ## - Dados gerais de processamento | |
| Dados gerais de processamento | 20000724d1999 m y0pory5003 ba |
| 101 0# - Língua de publicação | |
| Língua do texto, banda sonora, etc. | Português |
| 102 ## - Pais de publicação ou produção | |
| País de publicação | Portugal |
| 105 ## - Campo de dados codificados: livros | |
| Dados codificados dos livros | a z 001ay |
| 106 ## - Campo de dados codificados: material textual | |
| Dados codificados do material textual | r |
| 200 1# - Titulo e menção de responsabilidade | |
| Título próprio | Manuel Teixeira Gomes |
| Informação de outro título | uma vida entre dois séculos |
| Primeira menção de responsabilidade | Manuel Filipe Canaveira |
| 210 ## - Publicação, Distribuição, etc. | |
| Lugar da edição, distribuição, etc. | Funchal |
| -- | Lisboa |
| Nome do editor, distribuidor, etc. | Edicarte |
| Data da publicação, distribuição, etc. | D.L. 1999 |
| 215 ## - Descrição física | |
| Indicação específica da natureza do documento e extensão da espécie | 148 p. |
| Outras indicações físicas | il. |
| Dimensões | 28 cm |
| 320 ## - Nota relativa a bibliografia e índices internos | |
| Texto da nota | Bibliografia, p. 145-147 |
| 600 #1 - Nome de pessoa usado como assunto | |
| Número de registo de entrada de autoridade | 0000851 |
| Palavra de ordem | Gomes |
| Outra parte do nome não tomada para palavra de ordem | Manuel Teixeira |
| Datas | 1860-1941 |
| Subdivisão de assunto | [Biografias] |
| 675 ## - Classificação Decimal Universal (CDU) | |
| Notação | 32 Gomes, Manuel Teixeira |
| Edição | BN |
| Língua da edição | por |
| Notação | 929 Gomes, Manuel Teixeira |
| Edição | BN |
| Língua da edição | por |
| 700 #1 - Nome de autor-pessoa física (responsabilidade principal) | |
| Número de registo de entrada de autoridade | 0000854 |
| Palavra de ordem | Canaveira |
| Outra parte do nome não tomada para palavra de ordem | Manuel Filipe |
| Datas | 1956- |
| 942 ## - Elementos de entrada adicionados (Koha) | |
| Tipo de item no Koha | Livro |
| Situação do levantamento | Origin of item (home branch) (coded) | Biblioteca de empréstimo | Código de barras | Cota | Circulation type (not for loan) | Tipo de documento | Nota do exemplar | Damaged status |
|---|---|---|---|---|---|---|---|---|
| Biblioteca Escolar Eng. Nuno Mergulhão | Biblioteca Escolar Eng. Nuno Mergulhão | BENM665 | 9PT CAN | Livro | Sem mensagem | |||
| Biblioteca Escolar Eng. Nuno Mergulhão | Biblioteca Escolar Eng. Nuno Mergulhão | BENM1013 | 9PT CAN | Livro | Sem mensagem | |||
| Biblioteca Escolar Eng. Nuno Mergulhão | Biblioteca Escolar Eng. Nuno Mergulhão | BENM1107 | 9PT CAN | Livro | Sem mensagem |
